| 000 | 00751nam a2200169Ia 4500 | ||
|---|---|---|---|
| 008 | 220216s9999 xx 000 0 und d | ||
| 100 | _aKrishnakumar A.K. | ||
| 245 | 3 | _aAn assessment of rubber producers' societies, (Self Help Groups of Small Growers) in the rubber plantation sector in India | |
| 260 |
_bIn: Plantation tree crops in the new millennium: The way ahead. V 1.: International Planters' Conference, 17-20 May 2000. (Ed. E. Pushparajah). The Incorporated Society of Planters, Kuala Lumpur, Malaysia, pp. 491-502. _c2000 |
||
| 650 | _aExtension | ||
| 650 | _aHuman resource development | ||
| 650 | _aParticipatory system | ||
| 650 | _aRubber producers' society | ||
| 650 | _aSmallholdings | ||
| 700 | _aDhanakumar V.G. | ||
| 942 | _cBS | ||
| 999 |
_c48382 _d48382 |
||